000 00421nam a2200181Ia 4500
001 24054
005 20260414151018.0
008 260414t2004||||xx |||||||||||||| ||spa||
041 _aESP
082 _a759.4
_bH36
100 _aHeinrich, Cristoph
_eAUT
245 0 _aClaude Monet (1840-1926)
_b
260 _c2004
300 _a96 páginas :
_c23 cm.
650 _aABD
654 _aCAU
942 _cLIB
_dJUS
_fJUS
_2ddc
_n
999 _c24054
_d24054